Normal view
MARC view
Entry Personal Name
001 - CONTROL NUMBER
- control field: 1238359
003 - CONTROL NUMBER IDENTIFIER
- control field: OSt
005 - DATE AND TIME OF LATEST TRANSACTION
- control field: 20260430150807.0
008 - FIXED-LENGTH DATA ELEMENTS
- fixed length control field: 260430|| aca||aabn | a|a d
040 ## - CATALOGING SOURCE
- Original cataloging agency: OSt
- Transcribing agency: OSt
100 ## - HEADING--PERSONAL NAME
- Personal name: दिल्ली विश्वविद्यालय. शिक्षा. शिक्षा
670 ## - SOURCE DATA FOUND
- Source citation: Work cat.: (OSt)1850799: रुचि, ले. 870236, मेघालयस्थ माध्यमिक स्तरीय विद्यालयों के हिंदी भाषा शिक्षकों की शिक्षण विधियॅंा एवं उनका छात्रों पर प्रभाव का समीक्षात्माक अघ्ययन, 2024
